| 000 | 00544nam a2200181Ia 4500 | ||
|---|---|---|---|
| 008 | 090124s9999 xx 000 0 und d | ||
| 082 |
_b29729 _a2829 |
||
| 100 | _aगरुड विवेक | ||
| 245 | _a प्रतिमा : अेक गाणे | ||
| 250 | _a1 | ||
| 260 | _c1998 | ||
| 300 | _a69 | ||
| 600 | _aगरुड विवेक | ||
| 630 | _a प्रतिमा : अेक गाणे | ||
| 700 | _aगरुड विवेक | ||
| 730 | _a प्रतिमा : अेक गाणे | ||
| 942 | _cBOOK | ||
| 999 |
_c143211 _d143211 |
||